|
|
|
|
| LEADER |
01482nam a2200325 a 4500 |
| 001 |
724623 |
| 008 |
110302s1998 caua b 001 0 eng d |
| 010 |
|
|
|a 98007508
|
| 020 |
|
|
|a 0787910031 (alk. paper)
|
| 040 |
|
|
|a DLC
|c DLC
|d DLC
|d BD-DhAAL
|
| 050 |
0 |
0 |
|a HD2769.15
|b .A77 1998
|
| 082 |
0 |
0 |
|a 658/.044
|2 21
|
| 100 |
1 |
|
|a Arsenault, Jane.
|
| 245 |
1 |
0 |
|a Forging nonprofit alliances :
|b a comprehensive guide to enhancing your mission through joint ventures and partnerships, management service organizations, parent corporations, mergers /
|c Jane Arsenault.
|
| 246 |
3 |
|
|a Forging non-profit alliances
|
| 250 |
|
|
|a 1st ed.
|
| 260 |
|
|
|a San Francisco :
|b Jossey-Bass Publishers,
|c c1998.
|
| 300 |
|
|
|a xviii, 198 p. :
|b ill. ;
|c 24 cm.
|
| 490 |
1 |
|
|a The Jossey-Bass nonprofit & public management series
|
| 500 |
|
|
|a "A publicaton of the National Alliance for Nonprofit Management."
|
| 504 |
|
|
|a Includes bibliographical references (p. 191-192) and index.
|
| 541 |
1 |
|
|e 00011711
|
| 650 |
|
0 |
|a Nonprofit organizations.
|
| 650 |
|
0 |
|a Consolidation and merger of corporations.
|
| 650 |
|
0 |
|a Strategic alliances (Business)
|
| 710 |
2 |
|
|a National Alliance for Nonprofit Management.
|
| 830 |
|
0 |
|a Jossey-Bass nonprofit and public management series.
|
| 852 |
|
|
|a Ayesha Abed Library
|c General Shelf.
|
| 999 |
|
|
|c 10508
|d 10508
|
| 952 |
|
|
|0 0
|1 0
|2 ddc
|4 0
|6 658_044000000000000_ARS
|7 0
|9 14514
|a BRACUL
|b BRACUL
|c GEN
|d 2011-03-02
|l 1
|o 658.044 ARS
|p 3010011711
|r 2026-04-06
|s 2026-04-01
|t 1
|w 2011-03-02
|y BK
|